LEADER 02811nam 2200481z- 450 001 9910747093403321 005 20231206 010 $a979-1-03-200499-9 035 $a(CKB)5600000000763635 035 $a(PPN)273084011 035 $a(oapen)doab131554 035 $a(EXLCZ)995600000000763635 100 $a20231025c2022uuuu -u- - 101 0 $aeng 135 $aurmn|---annan 181 $ctxt$2rdacontent 182 $cc$2rdamedia 183 $acr$2rdacarrier 200 00$aBouquetins et Pyrénées$eII - Inventaire des représentations du Paléolithique pyrénéen Offert à Jean Clottes, conservateur général du Patrimoine honoraire 210 $aAix-en-Provence, France$cPresses universitaires de Provence$d2022 215 $a1 online resource (656 p.) 225 1 $aPréhistoires de la Méditerranée 311 08$a979-1-03-200392-3 330 $aEmblematic animal of the Pyrenees, the Ibex has inhabited its two slopes since the most ancient times. By adapting to this environment, a typical Pyrenean form Capra pyrenaica pyrenaica appeared several millennia ago. Consumed during Prehistory, the Ibex became, during the Upper Paleolithic, an unavoidable figure of the prehistoric bestiary. Many of its representations are world-famous: painted Ibex from the Salon Noir (Niaux cave, Ariège) or sculpted on sperm whale teeth (Mas d'Azil cave, Ariège). This second volume of the book "Ibex and Pyrenees" is devoted to these prehistoric figurations and offers a detailed inventory for the French and Spanish Pyrenees that is completely new and richly illustrated. It also presents Palaeolithic sites outside the Pyrenees in which the ibex is well represented. Beyond its iconographic interest, accessible to all audiences, this inventory is intended to become a working tool for researchers and teachers; it has therefore been structured with this objective in mind and is coupled with an evolving online database. It brings together more than a hundred French, Spanish, Portuguese, Italian, Belgian and Australian specialists and, like the first volume, is dedicated to Jean Clottes, a prehistorian from the Ariège region, honorary general curator of Heritage at the Ministry of Culture and an international specialist of decorated caves. 606 $aHistory of art: pre-history$2bicssc 610 $aCapra pyrenaica pyrenaica 610 $acave art 610 $afigurations 610 $aFrance 610 $aIbex 610 $ainventory 610 $aItaly 610 $ajean Clottes 610 $aportable art 610 $aPortugal 610 $aPrehistory 610 $aPyrenees 610 $aSpain 615 7$aHistory of art: pre-history 906 $aBOOK 912 $a9910747093403321 996 $aBouquetins et Pyrénées$93649701 997 $aUNINA LEADER 03333nam 22005895 450 001 9910383813103321 005 20200702152409.0 010 $a3-030-42435-9 024 7 $a10.1007/978-3-030-42435-0 035 $a(CKB)5300000000003420 035 $a(DE-He213)978-3-030-42435-0 035 $a(MiAaPQ)EBC6131389 035 $a(PPN)243226799 035 $a(EXLCZ)995300000000003420 100 $a20200306d2020 u| 0 101 0 $aeng 135 $aurnn|008mamaa 181 $ctxt$2rdacontent 182 $cc$2rdamedia 183 $acr$2rdacarrier 200 10$aCatalogue of Selected Angiosperm Pollen Grains from Palaeogene and Neogene Sediments of India /$fby Surya Kant Mani Tripathi 205 $a1st ed. 2020. 210 1$aCham :$cSpringer International Publishing :$cImprint: Springer,$d2020. 215 $a1 online resource (XIV, 261 p. 34 illus., 1 illus. in color.) 225 1 $aSociety of Earth Scientists Series,$x2194-9204 311 $a3-030-42434-0 327 $aIntroduction -- Groups of pollen genera described -- Palynofloras and biostratigraphy from Indian Palaeogene and Neogene sediments. 330 $aThis book summarizes the taxonomic details of selected fossil angiosperm pollen genera and species along with their affinity and occurrences in space and time. It provides information about the historical background of palynology from Palaeogene and Neogene sediments in India, general pollen morphology along with the terms commonly used in describing fossil angiosperm pollen and an overview of the Indian Tertiary sediments. A complete list of genera described in this book is given. It also includes a key for identification of Indian angiosperm genera as well as a description of selected fossil angiosperm pollen from India along with their Indian records, illustrations, locality, age and horizon from where these have been reported. In all 130 genera and 402 species have been dealt with. The names of genera and species are arranged alphabetically. The Discussion part includes a summarized account of palynofloras, their biostratigraphic application in various regions of India and their palaeogeographical and palaeoclimatic implications. 410 0$aSociety of Earth Scientists Series,$x2194-9204 606 $aPaleontology 606 $aSedimentology 606 $aPlants$vClassification 606 $aPlants$vClassification 606 $aPaleontology$3https://scigraph.springernature.com/ontologies/product-market-codes/G39000 606 $aSedimentology$3https://scigraph.springernature.com/ontologies/product-market-codes/G17080 606 $aPlant Systematics/Taxonomy/Biogeography$3https://scigraph.springernature.com/ontologies/product-market-codes/L24051 615 0$aPaleontology. 615 0$aSedimentology. 615 0$aPlants 615 0$aPlants 615 14$aPaleontology. 615 24$aSedimentology. 615 24$aPlant Systematics/Taxonomy/Biogeography. 676 $a561.2 700 $aTripathi$b Surya Kant Mani$4aut$4http://id.loc.gov/vocabulary/relators/aut$0879544 801 0$bMiAaPQ 801 1$bMiAaPQ 801 2$bMiAaPQ 906 $aBOOK 912 $a9910383813103321 996 $aCatalogue of Selected Angiosperm Pollen Grains from Palaeogene and Neogene Sediments of India$91963828 997 $aUNINA